[Event "4th ch-EU"]
[Site "Liverpool ENG"]
[Date "2008.09.10"]
[Round "2"]
[White "Briscoe,C"]
[Black "Wells,D"]
[Result "1-0"]
[WhiteElo "2232"]
[BlackElo "2016"]
[EventDate "2008.09.09"]

1. e4 c5 2. Nf3 Nc6 3. d4 cxd4 4. Nxd4 Nf6 5. Nc3 e5 6. Ndb5 d6 7. Bg5 a6
8. Na3 b5 9. Nd5 Be7 10. Bxf6 Bxf6 11. c4 Nd4 12. cxb5 Qa5+ 13. Qd2 Qxd2+
14. Kxd2 Bg5+ 15. Kd1 O-O 16. h4 Bd8 17. bxa6 Bxa6 18. Bxa6 Rxa6 19. Nc2
Nxc2 20. Kxc2 f5 21. exf5 Rxf5 22. f3 Ra5 23. Nc3 Rf4 24. h5 d5 25. Rhd1
Rc4 26. Kb3 Rcc5 27. a4 d4 28. Nb5 Be7 29. Rac1 Kf7 30. Rxc5 Bxc5 31. Kc4
Bb6 32. Ra1 Ke6 33. b4 Ra8 34. a5 Bd8 35. Kb3 Rc8 36. a6 Kd5 37. a7 Ra8 38.
Ra6 1-0

[Event "4th ch-EU"]
[Site "Liverpool ENG"]
[Date "2008.09.10"]
[Round "2"]
[White "Hawkins,Ja"]
[Black "Groffen,H"]
[Result "1/2-1/2"]
[WhiteElo "2013"]
[BlackElo "2228"]
[EventDate "2008.09.09"]

1. Nf3 d5 2. d4 c6 3. e3 Nf6 4. Bd3 Bg4 5. Nbd2 Nbd7 6. h3 Bxf3 7. Nxf3 Qc7
8. Bd2 e6 9. Qe2 Ne4 10. c4 Be7 11. cxd5 exd5 12. O-O O-O 13. Bc3 f5 14.
Nd2 Rae8 15. Rfd1 Bh4 16. Bxe4 fxe4 17. f4 exf3 18. Nxf3 Bg3 19. Rf1 Bf4
20. Bd2 Nf6 21. Qd3 Bd6 22. Ng5 Qe7 23. a3 h6 24. Nf3 Ne4 25. Bb4 Bxb4 26.
axb4 Qxb4 27. Rxa7 Qxb2 28. Qb1 Qc3 29. Qxb7 Qxe3+ 30. Kh2 Qf4+ 31. Kg1 Qf6
32. Rc1 Re6 33. Ra8 Rxa8 34. Qxa8+ Kh7 35. Rb1 Nc3 36. Rb8 Ne2+ 37. Kh1
Nxd4 38. Rh8+ Kg6 39. Rf8 Qe7 40. Nxd4 Re1+ 41. Kh2 Qe5+ 42. g3 Qxd4 43.
Qxc6+ Kh7 44. Qc2+ Re4 45. Re8 Qe3 46. h4 Qf3 47. Re5 Kg8 48. Qc8+ Kh7 49.
Qc2 Kg8 1/2-1/2

[Event "4th ch-EU"]
[Site "Liverpool ENG"]
[Date "2008.09.10"]
[Round "2"]
[White "Lawson,A"]
[Black "Van Kemenade,R"]
[Result "1-0"]
[WhiteElo "2200"]
[BlackElo "1971"]
[EventDate "2008.09.09"]

1. e4 e5 2. Nf3 Nf6 3. Nxe5 d6 4. Nf3 Nxe4 5. Qe2 Qe7 6. d3 Nf6 7. Bg5 Be6
8. Nc3 Nbd7 9. O-O-O h6 10. Bd2 O-O-O 11. h3 Nb6 12. Re1 Re8 13. Qd1 Qd8
14. Nd4 Bd7 15. Rxe8 Qxe8 16. Be2 c5 17. Nb3 d5 18. Bf3 Bd6 19. Re1 Qd8 20.
Kb1 Re8 21. Rxe8 Qxe8 22. Qc1 Qe5 23. Ne2 g5 24. d4 cxd4 25. Nexd4 Ne4 26.
Bxe4 Qxe4 27. f3 Qe5 28. Qf1 Nc4 29. Bc1 b6 30. Ne2 f6 31. f4 Qe4 32. Nc3
Qe6 33. Nd4 Qg8 34. fxg5 fxg5 35. Qf3 Be5 36. Nxd5 Qg7 37. Nf5 Bxf5 38.
Qxf5+ Kb7 39. Nb4 Na5 40. Qe4+ Kc7 41. Nd3 Bd6 42. b4 Nc6 43. b5 Ne5 44.
Qa8 1-0

[Event "4th ch-EU"]
[Site "Liverpool ENG"]
[Date "2008.09.10"]
[Round "2"]
[White "Williamson,R"]
[Black "Ewart,B"]
[Result "1-0"]
[WhiteElo "2169"]
[BlackElo "1902"]
[EventDate "2008.09.09"]

1. e4 e6 2. d4 d5 3. Nc3 Bb4 4. e5 c5 5. a3 Bxc3+ 6. bxc3 Qc7 7. Nf3 Nc6 8.
h4 h5 9. Be2 Nge7 10. O-O Bd7 11. Bg5 O-O-O 12. dxc5 Rdf8 13. Nd4 f6 14.
exf6 gxf6 15. Nb5 Qa5 16. Bd2 Qa4 17. c4 d4 18. Rb1 Nf5 19. Bd3 a6 20. Bxf5
axb5 21. cxb5 Ne5 22. Be4 d3 23. cxd3 Qxd1 24. Rfxd1 f5 25. Bxb7+ Kxb7 26.
c6+ Nxc6 27. bxc6+ Kxc6 28. Bf4 Kd5 29. Re1 Ra8 30. Re5+ Kd4 31. Rb4+ Kxd3
32. Re3+ Kc2 33. Re2+ 1-0

[Event "4th ch-EU"]
[Site "Liverpool ENG"]
[Date "2008.09.10"]
[Round "2"]
[White "Hulligan,S"]
[Black "Bennett,P"]
[Result "0-1"]
[WhiteElo "1822"]
[BlackElo "2120"]
[EventDate "2008.09.09"]

1. e4 c5 2. Nf3 g6 3. g3 Bg7 4. Bg2 Nc6 5. Nc3 e6 6. O-O Nge7 7. d3 a6 8.
Be3 d6 9. Qd2 O-O 10. Nd1 f5 11. Bh6 e5 12. Bxg7 Kxg7 13. exf5 Nxf5 14. Ne3
Nxe3 15. Qxe3 Qb6 16. Rab1 Qa5 17. a3 Qa4 18. c3 Bd7 19. Nd2 Qa5 20. f4 Qc7
21. fxe5 Nxe5 22. d4 cxd4 23. Qxd4 Bf5 24. Rbe1 Rae8 25. Be4 Bh3 26. Rxf8
Kxf8 27. Bg2 Bxg2 28. Kxg2 Qc6+ 29. Kg1 Kg8 30. Rf1 Rf8 31. Rxf8+ Kxf8 32.
Qf4+ Nf7 33. Ne4 Qb6+ 34. Qf2 Qxf2+ 35. Kxf2 Ke7 36. Ke3 Ke6 37. b4 h6 38.
a4 b6 39. Nd2 Ne5 40. Kd4 Nc6+ 41. Kd3 d5 42. b5 axb5 43. axb5 Ne5+ 44. Kd4
Kd6 45. c4 Nxc4 46. Nxc4+ dxc4 47. Kxc4 Ke5 48. Kc3 Kd5 49. Kd3 Kc5 50. Ke4
Kxb5 51. Kd5 Kb4 52. Kd4 Kb3 53. Kd3 b5 54. Kd2 b4 0-1

[Event "4th ch-EU"]
[Site "Liverpool ENG"]
[Date "2008.09.10"]
[Round "2"]
[White "Czaja,W"]
[Black "Benson,O"]
[Result "1-0"]
[WhiteElo "2103"]
[BlackElo "1852"]
[EventDate "2008.09.09"]

1. d4 Nf6 2. c4 g6 3. Nc3 Bg7 4. e4 O-O 5. Be3 d6 6. Be2 e5 7. d5 Nbd7 8.
Qd2 Ne8 9. g4 f5 10. gxf5 gxf5 11. exf5 Rxf5 12. Nf3 Nf8 13. O-O-O Ng6 14.
Rdg1 Nf4 15. Bd1 c6 16. Bc2 Rf8 17. Ng5 Bf5 18. Bxf4 exf4 19. Bxf5 Rxf5 20.
Ne6 Qf6 21. Rxg7+ Nxg7 22. Rg1 Kh8 23. Rxg7 cxd5 24. cxd5 Rg8 25. Rxb7 a5
26. Qd3 Qe5 27. Kc2 Rc8 28. Nd4 Rh5 29. Nc6 Qf6 30. Ne4 Qe5 31. Rb8 Qe8 32.
Rxc8 Qxc8 33. Qc3+ Re5 34. Nxe5 Qxc3+ 35. bxc3 1-0

[Event "4th ch-EU"]
[Site "Liverpool ENG"]
[Date "2008.09.10"]
[Round "2"]
[White "Roy,Ali"]
[Black "Majer,C"]
[Result "1/2-1/2"]
[WhiteElo "1693"]
[BlackElo "2091"]
[EventDate "2008.09.09"]

1. e4 c6 2. d4 g6 3. Nf3 d5 4. e5 h5 5. Be2 Bg4 6. h3 Bxf3 7. Bxf3 e6 8. c3
h4 9. Nd2 Nh6 10. Be2 Nd7 11. Nf3 Nf5 12. Bg5 Be7 13. Bxe7 Qxe7 14. Qd2 Rc8
15. Qg5 c5 16. Qxe7+ Kxe7 17. Bd3 Nb8 18. Bxf5 gxf5 19. Kd2 cxd4 20. cxd4
Nc6 21. Rac1 Rcg8 22. Rhg1 Kd7 23. Ke3 Na5 24. Nd2 Rh6 25. Rc2 Rhg6 26. Kf3
Nc6 1/2-1/2